[Event "Icelandic Team Championship 2021"]
[Site "Reykjavik"]
[Date "2021.10.02"]
[Round "3.4"]
[White "Thorhallsson, Simon"]
[Black "Kjartansson, David"]
[Result "0-1"]
[WhiteElo "2237"]
[BlackElo "2326"]

1. e4 {[%clk 01:30:52]} {[%emt 00:00:04]} d6 {[%clk 01:30:53]} {[%emt
00:00:07]} 2. d4 {[%clk 01:31:08]} {[%emt 00:00:13]} Nf6 {[%clk 01:31:17]}
{[%emt 00:00:07]} 3. Nc3 {[%clk 01:31:16]} {[%emt 00:00:21]} e5 {[%clk
01:31:41]} {[%emt 00:00:07]} 4. Nf3 {[%clk 01:31:08]} {[%emt 00:00:38]} Nbd7
{[%clk 01:32:00]} {[%emt 00:00:11]} 5. Bc4 {[%clk 01:31:18]} {[%emt 00:00:19]}
Be7 {[%clk 01:32:21]} {[%emt 00:00:10]} 6. O-O {[%clk 01:31:36]} {[%emt
00:00:12]} c6 {[%clk 01:32:44]} {[%emt 00:00:07]} 7. a4 {[%clk 01:31:58]}
{[%emt 00:00:08]} Qc7 {[%clk 01:33:08]} {[%emt 00:00:06]} 8. Re1 {[%clk
01:30:43]} {[%emt 00:01:45]} h6 {[%clk 01:33:31]} {[%emt 00:00:08]} 9. Bf1
{[%clk 01:21:28]} {[%emt 00:09:44]} Nf8 {[%clk 01:33:00]} {[%emt 00:01:00]} 10.
b3 {[%clk 01:16:02]} {[%emt 00:05:57]} Ng6 {[%clk 01:32:54]} {[%emt 00:00:36]}
11. Ba3 {[%clk 01:13:39]} {[%emt 00:02:53]} Bg4 {[%clk 01:30:47]} {[%emt
00:02:37]} 12. dxe5 {[%clk 01:11:18]} {[%emt 00:02:51]} dxe5 {[%clk 01:28:06]}
{[%emt 00:03:11]} 13. Bxe7 {[%clk 01:11:05]} {[%emt 00:00:42]} Qxe7 {[%clk
01:27:21]} {[%emt 00:01:16]} 14. Qd3 {[%clk 01:05:54]} {[%emt 00:05:41]} O-O
{[%clk 01:17:10]} {[%emt 00:10:41]} 15. h3 {[%clk 01:04:51]} {[%emt 00:01:33]}
Nf4 {[%clk 01:17:25]} {[%emt 00:00:15]} 16. Qe3 {[%clk 01:05:10]} {[%emt
00:00:12]} Bxf3 {[%clk 01:17:25]} {[%emt 00:00:31]} 17. Qxf3 {[%clk 01:05:28]}
{[%emt 00:00:10]} Rad8 {[%clk 01:15:24]} {[%emt 00:02:31]} 18. Red1 {[%clk
00:59:37]} {[%emt 00:06:22]} Ne6 {[%clk 01:15:32]} {[%emt 00:00:23]} 19. Qe3
{[%clk 00:56:41]} {[%emt 00:03:26]} Nd4 {[%clk 01:09:58]} {[%emt 00:06:03]} 20.
Bd3 {[%clk 00:56:04]} {[%emt 00:01:06]} Rd7 {[%clk 01:09:24]} {[%emt 00:01:04]}
21. Ne2 {[%clk 00:55:17]} {[%emt 00:01:18]} Rfd8 {[%clk 01:09:40]} {[%emt
00:00:14]} 22. Nxd4 {[%clk 00:55:09]} {[%emt 00:00:38]} Rxd4 {[%clk 01:09:46]}
{[%emt 00:00:23]} 23. c3 {[%clk 00:52:56]} {[%emt 00:02:44]} R4d7 {[%clk
01:09:14]} {[%emt 00:01:02]} 24. Be2 {[%clk 00:52:06]} {[%emt 00:01:20]} b6
{[%clk 01:07:31]} {[%emt 00:02:12]} 25. b4 {[%clk 00:48:57]} {[%emt 00:03:40]}
Qe6 {[%clk 01:06:12]} {[%emt 00:01:49]} 26. Rxd7 {[%clk 00:46:42]} {[%emt
00:02:45]} Rxd7 {[%clk 01:06:04]} {[%emt 00:00:39]} 27. a5 {[%clk 00:41:03]}
{[%emt 00:06:10]} Qb3 {[%clk 01:02:36]} {[%emt 00:03:57]} 28. axb6 {[%clk
00:36:50]} {[%emt 00:04:44]} axb6 {[%clk 01:02:58]} {[%emt 00:00:08]} 29. Ra8+
{[%clk 00:35:03]} {[%emt 00:02:16]} Kh7 {[%clk 01:03:05]} {[%emt 00:00:22]} 30.
Rc8 {[%clk 00:34:55]} {[%emt 00:00:39]} Rd6 {[%clk 00:57:17]} {[%emt 00:06:17]}
31. Kh2 {[%clk 00:32:36]} {[%emt 00:02:50]} Qc2 {[%clk 00:52:32]} {[%emt
00:05:14]} 32. Bf3 {[%clk 00:31:47]} {[%emt 00:01:19]} Rd3 {[%clk 00:44:29]}
{[%emt 00:08:34]} 33. Qxb6 {[%clk 00:31:44]} {[%emt 00:00:33]} Rxc3 {[%clk
00:44:31]} {[%emt 00:00:28]} 34. Rf8 {[%clk 00:26:36]} {[%emt 00:05:38]} Qd2
{[%clk 00:43:53]} {[%emt 00:01:08]} 35. Qd8 {[%clk 00:21:31]} {[%emt 00:05:35]}
Qf4+ {[%clk 00:42:42]} {[%emt 00:01:40]} 36. Kg1 {[%clk 00:21:57]} {[%emt
00:00:06]} Rc1+ {[%clk 00:42:57]} {[%emt 00:00:15]} 37. Bd1 {[%clk 00:22:21]}
{[%emt 00:00:06]} Nxe4 {[%clk 00:41:27]} {[%emt 00:02:00]} 38. Rh8+ {[%clk
00:22:13]} {[%emt 00:00:38]} Kg6 {[%clk 00:41:47]} {[%emt 00:00:09]} 39. Qd3
{[%clk 00:22:20]} {[%emt 00:00:22]} f5 {[%clk 00:41:52]} {[%emt 00:00:26]} 40.
Qe2 {[%clk 00:20:57]} {[%emt 00:01:54]} Qxf2+ {[%clk 00:40:07]} {[%emt
00:02:15]} 41. Qxf2 {[%clk 00:21:22]} {[%emt 00:00:05]} Nxf2 {[%clk 00:40:32]}
{[%emt 00:00:05]} 42. Kxf2 {[%clk 00:21:48]} {[%emt 00:00:04]} Rxd1 {[%clk
00:40:56]} {[%emt 00:00:06]} 43. Re8 {[%clk 00:21:55]} {[%emt 00:00:22]} Kf6
{[%clk 00:41:04]} {[%emt 00:00:21]} 44. Rf8+ {[%clk 00:22:03]} {[%emt
00:00:24]} Kg5 {[%clk 00:41:19]} {[%emt 00:00:14]} 45. Rf7 {[%clk 00:21:25]}
{[%emt 00:01:09]} g6 {[%clk 00:41:39]} {[%emt 00:00:10]} 46. Kg3 {[%clk
00:20:56]} {[%emt 00:01:00]} Rd3+ {[%clk 00:41:56]} {[%emt 00:00:12]} 47. Kh2
{[%clk 00:21:20]} {[%emt 00:00:06]} Rd4 {[%clk 00:40:53]} {[%emt 00:01:32]} 48.
Rc7 {[%clk 00:21:15]} {[%emt 00:00:36]} Rc4 {[%clk 00:41:12]} {[%emt 00:00:09]}
0-1

[Event "Icelandic Team Championship 2021"]
[Site "Reykjavik"]
[Date "2021.10.02"]
[Round "3.5"]
[White "Bjornsson, Tomas"]
[Black "Thorgeirsson, Jon Kristinn"]
[Result "1/2-1/2"]
[WhiteElo "2175"]
[BlackElo "2257"]

1. e4 {[%clk 01:30:56]} d6 {[%clk 01:30:05]} {[%emt 00:00:56]} 2. d4 {[%clk
01:31:09]} {[%emt 00:00:17]} Nf6 {[%clk 01:30:28]} {[%emt 00:00:07]} 3. Nc3
{[%clk 01:31:30]} {[%emt 00:00:09]} g6 {[%clk 01:30:51]} {[%emt 00:00:07]} 4.
f4 {[%clk 01:27:21]} {[%emt 00:04:39]} Bg7 {[%clk 01:31:05]} {[%emt 00:00:16]}
5. Nf3 {[%clk 01:26:24]} {[%emt 00:01:27]} O-O {[%clk 01:30:55]} {[%emt
00:00:40]} 6. Bd3 {[%clk 01:26:44]} {[%emt 00:00:10]} c5 {[%clk 01:30:30]}
{[%emt 00:00:55]} 7. dxc5 {[%clk 01:26:16]} {[%emt 00:00:59]} dxc5 {[%clk
01:30:52]} {[%emt 00:00:09]} 8. O-O {[%clk 01:25:23]} {[%emt 00:01:22]} Nc6
{[%clk 01:29:34]} {[%emt 00:01:48]} 9. e5 {[%clk 01:22:15]} {[%emt 00:03:38]}
Ng4 {[%clk 01:27:55]} {[%emt 00:02:09]} 10. Be4 {[%clk 01:15:18]} {[%emt
00:07:27]} Qa5 {[%clk 01:12:28]} {[%emt 00:15:57]} 11. Qe2 {[%clk 01:03:59]}
{[%emt 00:11:49]} Nd4 {[%clk 00:37:43]} {[%emt 00:35:16]} 12. Nxd4 {[%clk
00:55:55]} {[%emt 00:08:33]} cxd4 {[%clk 00:37:59]} {[%emt 00:00:15]} 13. Nd5
{[%clk 00:50:09]} {[%emt 00:06:15]} 1/2-1/2

[Event "Icelandic Team Championship 2021"]
[Site "Reykjavik"]
[Date "2021.10.02"]
[Round "3.6"]
[White "Halldorsson, Halldor"]
[Black "Petursson, Gudni"]
[Result "1/2-1/2"]
[WhiteElo "2227"]
[BlackElo "2016"]

1. e4 {[%clk 01:30:56]} {[%emt 00:00:03]} c6 {[%clk 01:30:31]} {[%emt
00:00:29]} 2. d4 {[%clk 01:31:07]} {[%emt 00:00:19]} d5 {[%clk 01:30:56]}
{[%emt 00:00:05]} 3. e5 {[%clk 01:31:31]} {[%emt 00:00:06]} c5 {[%clk
01:31:12]} {[%emt 00:00:13]} 4. dxc5 {[%clk 01:31:21]} {[%emt 00:00:40]} e6
{[%clk 01:31:34]} {[%emt 00:00:07]} 5. Be3 {[%clk 01:31:02]} {[%emt 00:00:50]}
Nd7 {[%clk 01:31:00]} {[%emt 00:01:04]} 6. Bb5 {[%clk 01:30:42]} {[%emt
00:00:50]} Qc7 {[%clk 01:30:59]} {[%emt 00:00:32]} 7. c4 {[%clk 01:21:13]}
{[%emt 00:09:58]} dxc4 {[%clk 01:29:22]} {[%emt 00:02:07]} 8. Nc3 {[%clk
01:19:57]} {[%emt 00:01:47]} Nh6 {[%clk 01:23:14]} {[%emt 00:06:39]} 9. Nf3
{[%clk 01:16:05]} {[%emt 00:04:21]} Nf5 {[%clk 01:22:36]} {[%emt 00:01:08]} 10.
Bf4 {[%clk 01:15:59]} {[%emt 00:00:37]} Bxc5 {[%clk 01:21:26]} {[%emt
00:01:40]} 11. O-O {[%clk 01:15:48]} {[%emt 00:00:41]} O-O {[%clk 01:20:55]}
{[%emt 00:01:01]} 12. Ne4 {[%clk 01:15:19]} {[%emt 00:00:59]} Nb6 {[%clk
01:19:55]} {[%emt 00:01:30]} 13. b4 {[%clk 01:03:38]} {[%emt 00:12:10]} Bxb4
{[%clk 01:18:43]} {[%emt 00:01:41]} 14. Rc1 {[%clk 01:04:00]} {[%emt 00:00:09]}
Ba3 {[%clk 01:12:13]} {[%emt 00:07:00]} 15. Rc3 {[%clk 01:01:18]} {[%emt
00:03:12]} Bb4 {[%clk 01:12:35]} {[%emt 00:00:07]} 16. Rc1 {[%clk 00:57:13]}
{[%emt 00:04:35]} Ba3 {[%clk 01:13:03]} {[%emt 00:00:02]} 17. Rxc4 {[%emt
00:04:14]} Nxc4 {[%emt 00:00:01]} 18. Qb3 Qa5 {[%emt 00:00:02]} 1/2-1/2

[Event "Icelandic Team Championship 2021"]
[Site "Reykjavik"]
[Date "2021.10.02"]
[Round "3.7"]
[White "Sigurjonsson, Stefan Th."]
[Black "Karason, Askell O"]
[Result "1/2-1/2"]
[WhiteElo "2088"]
[BlackElo "2270"]

1. e4 {[%clk 01:30:58]} {[%emt 00:00:01]} c5 {[%clk 01:30:19]} {[%emt
00:00:42]} 2. d4 {[%clk 01:31:20]} {[%emt 00:00:07]} cxd4 {[%clk 01:30:46]}
{[%emt 00:00:04]} 3. c3 {[%clk 01:31:46]} {[%emt 00:00:04]} e5 {[%clk
01:31:07]} {[%emt 00:00:08]} 4. cxd4 {[%clk 01:32:03]} {[%emt 00:00:13]} exd4
{[%clk 01:31:31]} {[%emt 00:00:06]} 5. Qxd4 {[%clk 01:32:04]} {[%emt 00:00:29]}
Nc6 {[%clk 01:31:56]} {[%emt 00:00:06]} 6. Qa4 {[%clk 01:32:01]} {[%emt
00:00:33]} Nf6 {[%clk 01:31:46]} {[%emt 00:00:40]} 7. Nf3 {[%clk 01:31:12]}
{[%emt 00:01:19]} Bb4+ {[%clk 01:27:47]} {[%emt 00:04:29]} 8. Bd2 {[%clk
01:30:04]} {[%emt 00:01:38]} Qe7 {[%clk 01:25:16]} {[%emt 00:03:01]} 9. Bd3
{[%clk 01:30:11]} {[%emt 00:00:23]} d5 {[%clk 01:09:57]} {[%emt 00:15:49]} 10.
e5 {[%clk 01:24:03]} {[%emt 00:06:39]} O-O {[%clk 01:07:42]} {[%emt 00:02:45]}
11. O-O {[%clk 01:23:34]} {[%emt 00:00:58]} Ne4 {[%clk 01:07:24]} {[%emt
00:00:48]} 12. Bxe4 {[%clk 01:22:27]} {[%emt 00:01:37]} dxe4 {[%clk 01:07:44]}
{[%emt 00:00:10]} 13. Nd4 {[%clk 01:21:14]} {[%emt 00:01:44]} Bxd2 {[%clk
01:04:40]} {[%emt 00:03:34]} 14. Nxc6 {[%clk 01:20:27]} {[%emt 00:01:17]} bxc6
{[%clk 01:05:05]} {[%emt 00:00:05]} 15. Nxd2 {[%clk 01:20:42]} {[%emt
00:00:15]} e3 {[%clk 01:00:06]} {[%emt 00:05:29]} 16. fxe3 {[%clk 00:59:07]}
{[%emt 00:22:05]} Qxe5 {[%clk 00:58:48]} {[%emt 00:01:48]} 17. Qxc6 {[%clk
00:58:56]} {[%emt 00:00:41]} Qxe3+ {[%clk 00:44:52]} {[%emt 00:14:25]} 18. Rf2
{[%clk 00:58:34]} {[%emt 00:00:53]} Be6 {[%clk 00:45:18]} {[%emt 00:00:04]} 19.
a3 {[%clk 00:46:04]} {[%emt 00:12:59]} Rad8 {[%clk 00:40:34]} {[%emt 00:05:14]}
20. Nf1 {[%clk 00:36:02]} {[%emt 00:10:32]} Qd4 {[%clk 00:36:48]} {[%emt
00:04:16]} 21. Re1 {[%clk 00:31:52]} {[%emt 00:04:40]} Rb8 {[%clk 00:29:51]}
{[%emt 00:07:28]} 22. Qe4 {[%clk 00:26:37]} {[%emt 00:05:44]} Rfd8 {[%clk
00:24:31]} {[%emt 00:05:50]} 23. h3 {[%clk 00:23:51]} {[%emt 00:03:16]} Qb6
{[%clk 00:23:38]} {[%emt 00:01:22]} 24. Ne3 {[%clk 00:22:40]} {[%emt 00:01:41]}
Rd4 {[%clk 00:23:06]} {[%emt 00:01:03]} 25. Qf3 {[%clk 00:22:07]} {[%emt
00:01:02]} Rd3 {[%clk 00:20:26]} {[%emt 00:03:11]} 26. Qe4 {[%clk 00:20:41]}
{[%emt 00:01:55]} Rb3 {[%clk 00:17:03]} {[%emt 00:03:54]} 27. Ree2 {[%clk
00:16:43]} {[%emt 00:04:28]} h6 {[%clk 00:17:03]} {[%emt 00:00:31]} 28. Nd5
{[%clk 00:14:06]} {[%emt 00:03:06]} Qc5 {[%clk 00:15:36]} {[%emt 00:01:55]} 29.
Nb4 {[%clk 00:10:18]} {[%emt 00:04:20]} Qg5 {[%clk 00:13:30]} {[%emt 00:02:36]}
30. Nc6 {[%clk 00:09:21]} {[%emt 00:01:27]} R8b6 {[%clk 00:11:22]} {[%emt
00:02:38]} 31. Nd4 {[%clk 00:07:35]} {[%emt 00:02:16]} Rxh3 {[%clk 00:08:31]}
{[%emt 00:03:21]} 32. Nxe6 {[%clk 00:04:23]} {[%emt 00:03:42]} Rxe6 {[%clk
00:07:52]} {[%emt 00:01:08]} 33. Qa8+ {[%clk 00:04:24]} {[%emt 00:00:30]} Kh7
{[%clk 00:08:14]} {[%emt 00:00:09]} 34. Rxe6 {[%clk 00:04:33]} {[%emt
00:00:20]} Qc1+ {[%clk 00:07:48]} {[%emt 00:00:56]} 35. Rf1 {[%clk 00:04:59]}
{[%emt 00:00:03]} Qc5+ {[%clk 00:08:02]} {[%emt 00:00:17]} 36. Rf2 {[%clk
00:05:12]} {[%emt 00:00:17]} Qc1+ {[%clk 00:08:25]} {[%emt 00:00:08]} 37. Rf1
{[%clk 00:05:35]} {[%emt 00:00:06]} 1/2-1/2

[Event "Icelandic Team Championship 2021"]
[Site "Reykjavik"]
[Date "2021.10.02"]
[Round "3.8"]
[White "Bergsson, Stefan"]
[Black "Palsson, Halldor"]
[Result "1/2-1/2"]
[WhiteElo "2147"]
[BlackElo "1978"]

1. c4 {[%clk 01:30:17]} {[%emt 00:00:41]} Nf6 {[%clk 01:30:55]} {[%emt
00:00:07]} 2. Nc3 {[%clk 01:30:14]} {[%emt 00:00:33]} c5 {[%clk 01:29:14]}
{[%emt 00:02:11]} 3. g3 {[%clk 01:30:23]} {[%emt 00:00:19]} Nc6 {[%clk
01:29:03]} {[%emt 00:00:44]} 4. Bg2 {[%clk 01:30:39]} {[%emt 00:00:13]} e5
{[%clk 01:28:50]} {[%emt 00:00:44]} 5. e4 {[%clk 01:28:32]} {[%emt 00:02:36]}
d6 {[%clk 01:29:00]} {[%emt 00:00:20]} 6. Nge2 {[%clk 01:28:56]} {[%emt
00:00:06]} Be6 {[%clk 01:28:47]} {[%emt 00:00:43]} 7. d3 {[%clk 01:29:19]}
{[%emt 00:00:07]} Be7 {[%clk 01:28:36]} {[%emt 00:00:42]} 8. f4 {[%clk
01:26:26]} {[%emt 00:03:22]} Nd4 {[%clk 01:21:28]} {[%emt 00:07:39]} 9. O-O
{[%clk 01:24:37]} {[%emt 00:02:18]} Bg4 {[%clk 01:16:41]} {[%emt 00:05:18]} 10.
h3 {[%clk 01:23:56]} {[%emt 00:01:11]} Nxe2+ {[%clk 01:16:50]} {[%emt
00:00:20]} 11. Nxe2 {[%clk 01:24:19]} {[%emt 00:00:07]} Bxe2 {[%clk 01:16:36]}
{[%emt 00:00:45]} 12. Qxe2 {[%clk 01:24:47]} {[%emt 00:00:01]} O-O {[%clk
01:16:08]} {[%emt 00:00:57]} 13. a3 {[%clk 01:21:56]} {[%emt 00:03:21]} Nd7
{[%clk 01:10:37]} {[%emt 00:06:00]} 14. Be3 {[%clk 01:21:33]} {[%emt 00:00:53]}
a5 {[%clk 00:51:10]} {[%emt 00:19:58]} 15. Rab1 {[%clk 01:07:33]} {[%emt
00:14:30]} a4 {[%clk 00:51:17]} {[%emt 00:00:23]} 16. Kh2 {[%clk 01:04:29]}
{[%emt 00:03:34]} Qc8 {[%clk 00:44:31]} {[%emt 00:07:15]} 17. h4 {[%clk
01:04:06]} {[%emt 00:00:54]} Qc6 {[%clk 00:27:30]} {[%emt 00:17:31]} 18. f5
{[%clk 00:55:13]} {[%emt 00:09:23]} Rfb8 {[%clk 00:14:04]} {[%emt 00:13:56]} 19.
g4 {[%clk 00:51:58]} {[%emt 00:03:46]} b5 {[%clk 00:11:37]} {[%emt 00:02:56]}
20. g5 {[%clk 00:52:00]} {[%emt 00:00:28]} bxc4 {[%clk 00:10:24]} {[%emt
00:01:42]} 21. dxc4 {[%clk 00:52:28]} {[%emt 00:00:02]} f6 {[%clk 00:08:32]}
{[%emt 00:02:23]} 22. Rbd1 {[%clk 00:48:39]} {[%emt 00:04:18]} Rb3 {[%clk
00:07:37]} {[%emt 00:01:26]} 23. Rd3 {[%clk 00:47:42]} {[%emt 00:01:26]} Rab8
{[%clk 00:07:40]} {[%emt 00:00:27]} 24. Rxb3 {[%clk 00:48:05]} {[%emt
00:00:07]} Rxb3 {[%clk 00:07:29]} {[%emt 00:00:42]} 25. Rd1 {[%clk 00:48:11]}
{[%emt 00:00:23]} Qb7 {[%clk 00:03:19]} {[%emt 00:04:40]} 26. Rd2 {[%clk
00:48:28]} {[%emt 00:00:14]} Nb6 {[%clk 00:03:30]} {[%emt 00:00:20]} 27. gxf6
{[%clk 00:46:32]} {[%emt 00:02:25]} Bxf6 {[%clk 00:03:07]} {[%emt 00:00:53]} 28.
Rxd6 {[%clk 00:46:53]} {[%emt 00:00:09]} Rxe3 {[%clk 00:02:23]} {[%emt
00:01:14]} 29. Qxe3 {[%clk 00:27:45]} {[%emt 00:19:37]} Nxc4 {[%clk 00:02:43]}
{[%emt 00:00:10]} 30. Qxc5 {[%clk 00:27:36]} {[%emt 00:00:38]} Nxd6 {[%clk
00:03:03]} {[%emt 00:00:11]} 31. Qxd6 {[%clk 00:28:03]} {[%emt 00:00:03]} Qxb2
{[%clk 00:03:13]} {[%emt 00:00:20]} 32. Qd5+ {[%clk 00:28:12]} {[%emt
00:00:21]} Kf8 {[%clk 00:03:19]} {[%emt 00:00:24]} 33. Qc5+ {[%clk 00:28:29]}
{[%emt 00:00:13]} Ke8 {[%clk 00:01:09]} {[%emt 00:02:41]} 34. Kh3 {[%clk
00:23:49]} {[%emt 00:05:09]} Qd4 {[%clk 00:00:46]} {[%emt 00:00:54]} 35. Qc1
{[%clk 00:20:36]} {[%emt 00:03:44]} Qf2 {[%clk 00:00:43]} {[%emt 00:00:33]} 36.
Kh2 {[%clk 00:14:28]} {[%emt 00:06:37]} Qxh4+ {[%clk 00:00:32]} {[%emt
00:00:42]} 37. Kg1 {[%clk 00:14:53]} {[%emt 00:00:04]} Qf4 {[%clk 00:00:56]}
{[%emt 00:00:07]} 38. Qc5 {[%clk 00:12:25]} {[%emt 00:02:57]} Bg5 {[%clk
00:01:05]} {[%emt 00:00:21]} 39. Qc6+ {[%clk 00:11:39]} {[%emt 00:01:16]} Kd8
{[%clk 00:01:15]} {[%emt 00:00:19]} 40. Qd5+ {[%clk 00:11:24]} {[%emt
00:00:45]} Kc7 {[%clk 00:00:36]} {[%emt 00:01:08]} 41. Qf7+ {[%clk 00:11:39]}
{[%emt 00:00:16]} Kb6 {[%clk 00:00:47]} {[%emt 00:00:20]} 42. Qe6+ {[%clk
00:11:16]} {[%emt 00:00:53]} Kc7 {[%clk 00:01:06]} {[%emt 00:00:11]} 43. Qf7+
{[%clk 00:10:40]} {[%emt 00:01:06]} Kb6 {[%clk 00:01:29]} {[%emt 00:00:06]}
1/2-1/2

[Event "Icelandic Team Championship 2021"]
[Site "Reykjavik"]
[Date "2021.10.02"]
[Round "3.9"]
[White "Gretarsson, Hjorvar Steinn"]
[Black "Kjartansson, Gudmundur"]
[Result "0-1"]
[WhiteElo "2597"]
[BlackElo "2447"]

1. f4 {[%clk 01:30:19]} {[%emt 00:00:40]} d5 {[%clk 01:30:38]} {[%emt
00:00:22]} 2. Nf3 {[%clk 01:30:43]} {[%emt 00:00:07]} Nf6 {[%clk 01:30:43]}
{[%emt 00:00:24]} 3. e3 {[%clk 01:24:58]} {[%emt 00:06:15]} Bg4 {[%clk
01:30:04]} {[%emt 00:01:08]} 4. h3 {[%clk 01:23:24]} {[%emt 00:02:05]} Bxf3
{[%clk 01:30:06]} {[%emt 00:00:28]} 5. Qxf3 {[%clk 01:23:49]} {[%emt 00:00:05]}
Nbd7 {[%clk 01:29:03]} {[%emt 00:01:32]} 6. g4 {[%clk 01:24:14]} {[%emt
00:00:06]} c6 {[%clk 01:26:12]} {[%emt 00:03:22]} 7. d4 {[%clk 01:22:08]}
{[%emt 00:02:37]} g6 {[%clk 01:18:47]} {[%emt 00:07:54]} 8. Nd2 {[%clk
01:17:51]} {[%emt 00:04:47]} e6 {[%clk 01:16:16]} {[%emt 00:03:02]} 9. Bd3
{[%clk 01:15:51]} {[%emt 00:02:30]} h5 {[%clk 01:13:40]} {[%emt 00:03:06]} 10.
g5 {[%clk 00:47:05]} {[%emt 00:29:16]} Ng8 {[%clk 01:13:43]} {[%emt 00:00:27]}
11. e4 {[%clk 00:46:57]} {[%emt 00:00:39]} Ne7 {[%clk 01:12:33]} {[%emt
00:01:40]} 12. c3 {[%clk 00:35:46]} {[%emt 00:11:41]} dxe4 {[%clk 01:10:42]}
{[%emt 00:02:20]} 13. Nxe4 {[%clk 00:35:50]} {[%emt 00:00:27]} Nf5 {[%clk
01:10:36]} {[%emt 00:00:36]} 14. b3 {[%clk 00:26:22]} {[%emt 00:09:58]} Bg7
{[%clk 00:41:25]} {[%emt 00:29:40]} 15. Bb2 {[%clk 00:24:32]} {[%emt 00:02:20]}
O-O {[%clk 00:41:17]} {[%emt 00:00:38]} 16. O-O-O {[%clk 00:23:41]} {[%emt
00:01:21]} Qc7 {[%clk 00:39:08]} {[%emt 00:02:39]} 17. Kb1 {[%clk 00:17:43]}
{[%emt 00:06:28]} a5 {[%clk 00:37:38]} {[%emt 00:02:00]} 18. a4 {[%clk
00:10:10]} {[%emt 00:08:03]} Rfb8 {[%clk 00:35:55]} {[%emt 00:02:13]} 19. Rhg1
{[%clk 00:09:54]} {[%emt 00:00:46]} b5 {[%clk 00:32:14]} {[%emt 00:04:11]} 20.
axb5 {[%clk 00:10:19]} {[%emt 00:00:05]} cxb5 {[%clk 00:32:33]} {[%emt
00:00:11]} 21. d5 {[%clk 00:08:41]} {[%emt 00:02:08]} Kh7 {[%clk 00:18:16]}
{[%emt 00:14:46]} 22. dxe6 {[%clk 00:05:12]} {[%emt 00:04:00]} fxe6 {[%clk
00:18:41]} {[%emt 00:00:05]} 23. Qg2 {[%clk 00:01:15]} {[%emt 00:04:27]} a4
{[%clk 00:01:37]} {[%emt 00:17:35]} 24. Nf6+ {[%clk 00:01:28]} {[%emt
00:00:17]} Bxf6 {[%clk 00:02:03]} {[%emt 00:00:04]} 25. gxf6 {[%clk 00:01:56]}
{[%emt 00:00:02]} Nf8 {[%clk 00:02:26]} {[%emt 00:00:07]} 26. Qe2 {[%clk
00:00:59]} {[%emt 00:01:27]} a3 {[%clk 00:01:40]} {[%emt 00:01:16]} 27. Rxg6
{[%clk 00:00:51]} {[%emt 00:00:37]} Kxg6 {[%clk 00:01:24]} {[%emt 00:00:46]} 28.
Qg2+ {[%clk 00:01:00]} {[%emt 00:00:21]} Kxf6 {[%clk 00:00:37]} {[%emt
00:01:17]} 29. Qg5+ {[%clk 00:01:04]} {[%emt 00:00:25]} Kf7 {[%clk 00:01:05]}
{[%emt 00:00:03]} 30. Bxf5 {[%clk 00:00:47]} {[%emt 00:00:47]} axb2 {[%clk
00:01:01]} {[%emt 00:00:34]} 31. Qxh5+ {[%clk 00:00:35]} {[%emt 00:00:42]} Ke7
{[%clk 00:01:19]} {[%emt 00:00:12]} 32. Qg5+ {[%clk 00:00:41]} {[%emt
00:00:24]} Ke8 {[%clk 00:01:24]} {[%emt 00:00:25]} 33. Kxb2 {[%clk 00:01:03]}
{[%emt 00:00:07]} b4 {[%clk 00:00:49]} {[%emt 00:01:06]} 34. cxb4 {[%clk
00:01:10]} {[%emt 00:00:24]} Qe7 {[%clk 00:00:41]} {[%emt 00:00:37]} 35. Bg6+
{[%clk 00:00:50]} {[%emt 00:00:49]} Nxg6 {[%clk 00:01:07]} {[%emt 00:00:05]} 36.
Qxg6+ {[%clk 00:01:16]} {[%emt 00:00:04]} Qf7 {[%clk 00:00:54]} {[%emt
00:00:43]} 37. Qg5 {[%clk 00:01:15]} {[%emt 00:00:31]} Rxb4 {[%clk 00:00:37]}
{[%emt 00:00:47]} 38. Rd6 {[%clk 00:00:43]} {[%emt 00:01:02]} Rab8 {[%clk
00:00:40]} {[%emt 00:00:27]} 39. Qe5 {[%clk 00:00:36]} {[%emt 00:00:36]} Rxb3+
{[%clk 00:00:46]} {[%emt 00:00:24]} 40. Kc1 {[%clk 00:01:03]} {[%emt 00:00:04]}
Qc7+ {[%clk 00:00:50]} {[%emt 00:00:25]} 41. Kd1 {[%clk 00:01:31]} {[%emt
00:00:02]} Qxd6+ {[%clk 00:00:50]} {[%emt 00:00:30]} 0-1